| 000 | 01063nam a2200289 a 4500 | ||
|---|---|---|---|
| 001 | 63898 | ||
| 003 | BD-RjUL | ||
| 005 | 20211209081242.0 | ||
| 008 | 720713s1970 ru b 000 0 eng | ||
| 035 | _a(BD-RjUL)64028 | ||
| 040 |
_aDLC _cDLC _dDLC _beng |
||
| 041 | 1 |
_aeng _hrus |
|
| 082 | 0 | 0 |
_a320.95105 _bBOM 1970 |
| 100 | 1 |
_aBogush, Evgeniĭ I︠U︡lʹevich. _9189744 |
|
| 245 | 1 | 0 |
_aMaoism and its policy of splitting the national liberation movement / _c[by] Y. Bogush. [Translated from the Russian by G. Ivanov-Mumjiev] |
| 260 |
_aMoscow : _bProgress Publishers, _c1970 |
||
| 300 |
_a123 p. ; _c18 cm. |
||
| 350 | _a0.34rub | ||
| 500 | _aTranslation of: Maoizm i politika raskola v nat︠s︡ionalʹno-osvoboditelʹnom dvizhenii. | ||
| 504 | _aIncludes bibliographical references. | ||
| 600 | 1 | 0 |
_aMao, Zedong, _d1893-1976. _9177913 |
| 650 | 0 |
_aCommunism _zChina. _9189745 |
|
| 942 |
_2ddc _cBK |
||
| 987 |
_aPINYIN _bDLC _c20020626 _dc |
||
| 999 |
_c63898 _d63898 |
||